[Event "Perm op 04"]
[Site "Perm"]
[Date "2010.04.25"]
[Round "4"]
[White "Lysenko, Gennady"]
[Black "Syrchikov, Alexander"]
[Result "0-1"]
[WhiteElo "2035"]
[BlackElo "2250"]
[PlyCount "112"]
[EventDate "2010.04.22"]
[EventType "swiss"]
[EventRounds "9"]
[EventCountry "RUS"]
[SourceTitle "EXT 2012"]
[Source "ChessBase"]
[SourceDate "2011.11.24"]
[SourceVersion "1"]
[SourceVersionDate "2011.11.24"]
[SourceQuality "1"]

1. d4 d5 2. Nf3 Nf6 3. Bf4 e6 4. e3 Be7 5. h3 0-0 6. Bd3 c5 7. c3 b6 8. Ne5 Bb7 9. Nd2 Nbd7 10. Qf3 Nxe5 11. Bxe5 Bd6 12. Bxf6 Qxf6 13. Qxf6 gxf6 14. 0-0 e5 15. Bf5 exd4 16. exd4 cxd4 17. cxd4 Rfe8 18. Rfe1 Bb4 19. Rxe8+ Rxe8 20. Nf3 Re2 21. a3 Bd6 22. b4 Ba6 23. g3 Bc4 24. h4 h6 25. h5 a5 26. bxa5 bxa5 27. a4 Bb4 28. Bd7 Re7 29. Bh3 Be2 30. Nh4 Bxh5 31. Nf5 Re2 32. Nxh6+ Kh7 33. Ng4 Kg7 34. Ne3 Bc3 35. Ra3 Re1+ 36. Kg2 Bb4 37. Ra2 Bg6 38. Bg4 Bb1 39. Rb2 Bc3 40. Rb3 Bxd4 41. Rxb1 Rxb1 42. Nf5+ Kf8 43. Nxd4 Rb4 44. Ne6+ fxe6 45. Bxe6 d4 46. Kf3 Ke7 47. Bf5 Rxa4 48. Ke4 Kd6 49. f4 d3+ 50. Ke3 Ra1 51. Bxd3 a4 52. Ke4 a3 53. Kf5 Ke7 54. Bc4 Rc1 55. Bg8 Rc2 56. g4 a2 0-1

[Event "Perm op 04"]
[Site "Perm"]
[Date "2010.04.23"]
[Round "2"]
[White "Lysenko, Gennady"]
[Black "Zhulanov, Viktor"]
[Result "0-1"]
[WhiteElo "2035"]
[BlackElo "2238"]
[PlyCount "44"]
[EventDate "2010.04.22"]
[EventType "swiss"]
[EventRounds "9"]
[EventCountry "RUS"]
[SourceTitle "EXT 2012"]
[Source "ChessBase"]
[SourceDate "2011.11.24"]
[SourceVersion "1"]
[SourceVersionDate "2011.11.24"]
[SourceQuality "1"]

1. e4 c6 2. d4 g6 3. Nc3 d5 4. exd5 cxd5 5. Qf3 Nc6 6. Be3 Nf6 7. h3 Bf5 8. Rc1 h5 9. Nge2 Qd7 10. Ng3 Bh6 11. Bb5 Rc8 12. Nxf5 gxf5 13. Bxh6 Rxh6 14. 0-0 a6 15. Bxc6 Rxc6 16. Ne2 Ne4 17. Ng3 Nd2 18. Qf4 Nxf1 19. Rxf1 h4 20. Nxf5 Rhf6 21. Qxh4 Qxf5 22. Qh8+ Kd7 0-1

[Event "Perm op 08"]
[Site "Perm"]
[Date "2009.08.21"]
[Round "9"]
[White "Kashin, Yury"]
[Black "Lysenko, Gennady"]
[Result "1-0"]
[WhiteElo "1999"]
[BlackElo "2059"]
[PlyCount "39"]
[EventDate "2009.08.11"]
[EventType "swiss"]
[EventRounds "9"]
[EventCountry "RUS"]
[SourceTitle "CBM 132 Extra"]
[Source "ChessBase"]
[SourceDate "2009.11.03"]
[SourceVersion "1"]
[SourceVersionDate "2009.11.03"]
[SourceQuality "1"]

1. e4 e6 2. d4 d5 3. e5 c5 4. c3 Nc6 5. Nf3 Qb6 6. Bd3 Bd7 7. 0-0 cxd4 8. cxd4 Nxd4 9. Nxd4 Qxd4 10. Nc3 a6 11. Kh1 Bc6 12. Be3 Qxe5 13. Qd2 Ne7 14. f4 Qd6 15. Qf2 Nf5 16. Bxf5 exf5 17. Bd4 0-0-0 18. Be5 Qd7 19. Qa7 Qe6 20. Rae1 1-0

[Event "Perm op2 06"]
[Site "Perm"]
[Date "2009.07.03"]
[Round "6"]
[White "Kohanov, Boris"]
[Black "Lysenko, Gennady"]
[Result "1-0"]
[WhiteElo "1935"]
[BlackElo "2029"]
[PlyCount "53"]
[EventDate "2009.06.26"]
[EventType "swiss"]
[EventRounds "9"]
[EventCountry "RUS"]
[SourceTitle "CBM 131 Extra"]
[Source "ChessBase"]
[SourceDate "2009.09.03"]
[SourceVersion "2"]
[SourceVersionDate "2009.09.16"]
[SourceQuality "1"]

1. e4 c5 2. Nf3 Nc6 3. d4 cxd4 4. Nxd4 Nf6 5. Nc3 e5 6. Ndb5 d6 7. Nd5 Nxd5 8. exd5 Nb8 9. c4 Be7 10. Bd3 0-0 11. 0-0 a6 12. Nc3 f5 13. f3 Nd7 14. Be3 Bg5 15. Bf2 g6 16. b4 b6 17. Qb3 Rf7 18. Rfd1 Bb7 19. a4 a5 20. Nb5 Qe7 21. c5 bxc5 22. bxa5 Nf6 23. Bc4 e4 24. Bxc5 dxc5 25. d6 Qf8 26. Nc7 Rxa5 27. Ne6 1-0

[Event "Perm op 04"]
[Site "Perm"]
[Date "2009.04.21"]
[Round "2"]
[White "Mislavskiy, Evgeny"]
[Black "Lysenko, Gennady"]
[Result "1/2-1/2"]
[WhiteElo "1688"]
[BlackElo "1732"]
[PlyCount "21"]
[EventDate "2009.04.20"]
[EventType "swiss"]
[EventRounds "8"]
[EventCountry "RUS"]
[SourceTitle "EXT 2022"]
[Source "ChessBase"]
[SourceDate "2021.10.06"]
[SourceVersion "1"]
[SourceVersionDate "2021.10.06"]
[SourceQuality "1"]

1. Nf3 c5 2. g3 d5 3. Bg2 Nc6 4. d4 Nf6 5. 0-0 Bg4 6. c3 e6 7. Bg5 h6 8. Bf4 Qb6 9. Qb3 Qxb3 10. axb3 Bxf3 11. Bxf3 1/2-1/2